[Event "BEL-ch U14"]
[Site "Blankenberge"]
[Date "2014.04.18"]
[Round "8"]
[White "Gronsfeld, Stefan"]
[Black "Leboy, Robbe"]
[Result "1-0"]
[WhiteElo "1464"]
[BlackElo "1235"]
[PlyCount "79"]
[EventDate "2014.04.??"]
[EventType "swiss"]
[EventRounds "9"]
[EventCountry "BEL"]
[SourceTitle "EXT 2015"]
[Source "ChessBase"]
[SourceDate "2014.11.20"]
[SourceVersion "1"]
[SourceVersionDate "2014.11.20"]
[SourceQuality "1"]

1. e4 e5 2. Nf3 Nc6 3. Bc4 Nf6 4. d3 Bc5 5. 0-0 d6 6. c3 0-0 7. Nbd2 Qe7 8. h3 Be6 9. Re1 Bxc4 10. Nxc4 Rad8 11. b4 Bb6 12. a4 a6 13. Nxb6 cxb6 14. Bg5 Qe6 15. d4 d5 16. exd5 Rxd5 17. c4 Rd7 18. d5 Qf5 19. Qb1 Qxb1 20. Raxb1 Nd4 21. Nxe5 Rd6 22. Bf4 Rdd8 23. g4 Rfe8 24. Kg2 b5 25. axb5 axb5 26. d6 Rxd6 27. Nxf7 Rde6 28. Rxe6 Rxe6 29. Ne5 bxc4 30. Nxc4 Re4 31. Be5 Nc6 32. Bxf6 gxf6 33. Nd6 Rxb4 34. Rxb4 Nxb4 35. Nxb7 Kg7 36. f4 Nd5 37. Kg3 Kg6 38. f5+ Kg5 39. Nd6 h5 40. Nf7# 1-0

[Event "BEL-ch U14"]
[Site "Blankenberge"]
[Date "2014.04.16"]
[Round "5"]
[White "Huygebaert, Batist"]
[Black "Leboy, Robbe"]
[Result "1-0"]
[WhiteElo "1668"]
[BlackElo "1235"]
[PlyCount "81"]
[EventDate "2014.04.??"]
[EventType "swiss"]
[EventRounds "9"]
[EventCountry "BEL"]
[SourceTitle "EXT 2015"]
[Source "ChessBase"]
[SourceDate "2014.11.20"]
[SourceVersion "1"]
[SourceVersionDate "2014.11.20"]
[SourceQuality "1"]

1. d4 d5 2. c4 e6 3. Nf3 Nf6 4. g3 Be7 5. Bg2 0-0 6. Qc2 c6 7. 0-0 b6 8. Nbd2 Bb7 9. Rd1 Nbd7 10. e4 dxe4 11. Nxe4 c5 12. Nxf6+ Nxf6 13. dxc5 Qc7 14. cxb6 Qxb6 15. Be3 Bc5 16. Bxc5 Qxc5 17. Nh4 Bxg2 18. Nxg2 Rac8 19. b3 a5 20. Qd3 h6 21. Ne3 Qc6 22. Nc2 Qc5 23. Qe2 Rfd8 24. Rxd8+ Rxd8 25. Rd1 Rxd1+ 26. Qxd1 h5 27. Ne3 g6 28. Qd3 e5 29. h4 Qd4 30. Qxd4 exd4 31. Nd1 Kf8 32. Kf1 Ke7 33. Ke2 Ke6 34. Kd3 Kd6 35. Kxd4 Kc6 36. Nc3 Ng4 37. f4 f5 38. a3 Nh2 39. b4 axb4 40. axb4 Nf1 41. Ne2 1-0